000 00739cam a2200265 a 4500
001 39868
005 20230410101733.0
008 810622s1980 cu 000 0 fre
010 _a 81105768
035 _a(OCoLC)ocm07597083
040 _aDLC
_cDLC
_dDIBAM
029 1 _aNLGGC
_b811308332
035 _a(OCoLC)7597083
050 1 4 _a110 PQ 3949.2
_bP538b 1980
082 0 0 _a841
100 1 _aPhelps, Anthony,
_d1928-
245 1 3 _aLa béliere caraibe /
_cAnthony Phelps.
260 _aCiudad de La Habana, Cuba :
_bCasa de las Américas,
_cc1980.
300 _a131 p. ;
_c19 cm.
650 7 _aPOESIAS HAITIANAS.
_2renib
650 4 _aCEH
650 4 _aColección Estudios Haitianos
942 _2lcc
_cbk
994 _aC0
_bDRFGD
999 _c13114
_d13114